00496 2200193 4500001002100000005001500021008004100036020002200077035001900099041000700118082000800125090001400133100002600147245003600173250001000209260004000219300003000259650001300289INLIS00000000001505120241224114848241224||||||||| | ||| |||| || |  a978-979-027-080-1 0010-1224015051 aid0 a634 a634 SIN b0 aSinggih sastradiharja00abertanam tanaman buah dalam pot acet.1 aBandungbpenerbit titian ilmuc2009 a78 hlm.;16,8 cm x 24,1 cm 0abertanam